| 000 | 00689cam a2200229 4500 | ||
|---|---|---|---|
| 001 | J61782 | ||
| 008 | 000000n2000 000 0 eng u | ||
| 035 | _a(Sirsi) u107164 | ||
| 050 | _a333.33016 | ||
| 110 |
_aCluttons _92064 |
||
| 245 | 4 | _aThe London residential investment index. - Summer 2000 | |
| 260 |
_aLondon _bCluttons _C2000 |
||
| 300 | _a4p. ; 30cm. | ||
| 520 | _aUses data supplied by IPD. | ||
| 650 | _aLONDON RESIDENTIAL INVESTMENT INDEX | ||
| 650 | _aPROPERTY INDICES | ||
| 650 | _aPROPERTY INVESTMENT | ||
| 650 |
_aRESIDENTIAL PROPERTY _96266 |
||
| 690 | _aPROPERTY-PROPERTY FINANCE AND INVESTMENT | ||
| 710 |
_aInvestment Property Databank _92288 |
||
| 942 | _n0 | ||
| 999 |
_c100661 _d100661 |
||